Prueba de Sevilla - Estadísticas

Estadísticas generales
  • Esta prueba ha sido intentada 601 veces
  • La puntuación promedio es 9 de 16
Estadísticas de respuestas
Pregunta Respuesta % Correcto
Gentilicios Sevillano
99%
Río que atraviesa la ciudad Guadalquivir
96%
Pintor de Las meninas Diego Velázquez
86%
Torre campanario emblemático Giralda
83%
El club heliopolitano Real Betis
80%
Ciudad cercana y segunda más poblada de la provincia Dos Hermanas
79%
"Isla" situado entre ese río, un cauce, y una dársena Isla de la {Cartuja}
78%
Patrona Virgen de los {Reyes}
69%
La plaza de España aparece en esta película como el palacio real del planeta Naboo Star Wars Episodio II: El Ataque de los Clones
67%
Edificio más alto de Andalucía, encontrado en esa "isla" Torre Sevilla
62%
Residencia de la familia real en Sevilla Real Alcázar de Sevilla
50%
Gentilicios Hispalense
48%
Planta cultivada en Cazalla de la Sierra para el aguardiente Anís
25%
Alcalde del PSOE de Sevilla de tres mandatos Alfredo Sánchez Monteseirín
14%
Coloquialismo para afirmar ahincadamente A {jierro}
7%
Hay 15 de estas unidades territoriales de segundo nivel Partidos judiciales
1%
No se encontraron pruebas coincidentes
Distribución de puntuación
Porcentaje de gente con cada puntuación
Porcentaje por número respondido
Historial de tus puntuaciones
No has intentado esta prueba.